Políticos españoles #11 - Estadísticas

Estadísticas generales
  • Esta prueba ha sido intentada 32 veces
  • La puntuación promedio es 3 de 6
Estadísticas de respuestas
Imagen Respuesta % Correcto
Imanol Pradales
100%
Pello Otxandiano
65%
Javier de Andrés
62%
Eneko Andueza
54%
Alba García
31%
Amaia Martíez
0%
No se encontraron pruebas coincidentes
Distribución de puntuación
Porcentaje de gente con cada puntuación
Porcentaje por número respondido
Historial de tus puntuaciones
No has intentado esta prueba.